• 首页
  • 本馆介绍
  • 公告通知
  • 最新文献
  • 馆藏检索
  • 电子资源
  • 读者导购
  • 参考咨询
  • 我的图书馆
  • 登录
  • 详细信息显示
  • 放入我的书架
  • 预约/预借图书
  • 作者相关作品
  • 分类相关作品
  • 丛书相关作品
  • 出版社相关作品

书目信息

  • 表格格式
  • 工作单格式
  • 卡片格式
题名:
中国麻将竞赛规则(试行)
    
 
作者: 国家体育总局 审定
分册:  
出版信息: 北京   人民体育出版社  1998.09
页数: 98页
开本: 21cm
丛书名:
单 册:
中图分类: G892.04
科图分类:
主题词: 文娱性体育活动
电子资源:
ISBN: 7-5009-1630-2
000 00576nam0 2200193 45
001 9909221161
005 20040509093144.5
010    @a7-5009-1630-2@dCNY10.00
100    @a19990922d1998 km y0chiy0120 ea
101    @achi
105    @a z 000yy
200 1  @a中国麻将竞赛规则(试行)@AZhong Guo Ma Jiang Jing Sai Gui Ze(Shi Xing)@f国家体育总局 审定
210    @a北京@c人民体育出版社@d1998.09
215    @a98页@d21cm
606 0  @a文娱性体育活动
690    @aG892.04@v1
701    @a国家体育总局 审定
801    @aCN@bPFTUser@c19990922
905    @f2@b284338-339@dG892.04@e148(98)
    
    中国麻将竞赛规则(试行)/国家体育总局 审定.-北京:人民体育出版社,1998.09
    98页;21cm
    
    
    ISBN 7-5009-1630-2:CNY10.00
    
●
相关链接 在E读中查询图书 在五车中查询图书 在当当中查询图书 在豆瓣中查询图书


正题名:中国麻将竞赛规则(试行)     索取号:G892.04/148(98)         预约/预借

序号 登录号 条形码 馆藏地/架位号 状态 备注
1 0284338   002843383   第四借阅区/ [索取号:G892.04/148(98)] 在馆    
2 0284339   002843392   第四借阅区/ [索取号:G892.04/148(98)] 在馆    
3 0284340   002843409   第一样本阅览室/ [索取号:G892.04/148(98)] 在馆    
唐山师范学院图书馆 欢迎您!
大连网信软件有限公司© 版权所有